00388nam a2200157Ia 45000010006000000050017000060080041000230410008000640820016000721000030000882450054001182600009001723000033001816500008002146540008002221342820260306164800.0260306t1995||||xx |||||||||||||| ||spa|| aESP a004.01bB84 aBrookshear, J. GlenneAUT 0aIntroducción a las ciencias de la computación c1995 axii, 531 páginas :c24 cm. aGEN aCCC